LEADER 00917nam0 2200289 450 001 000019395 005 20081117121339.0 010 $a0387519971 010 $a3540519971 100 $a20081117d1991----km-y0itay50------ba 101 1 $aeng$crus 102 $aDE 105 $ay-------001yy 200 1 $aAnalysis 4.$elinear and boundary integral equations$fedited by V. G. Maz'ya, S. M. Nikol'skii 210 $aBerlin [etc.]$cSpringer$dc1991 215 $a233 p.$d24 cm 225 2 $aEncyclopaedia of mathematical sciences$v27 410 0$12001$aEncyclopaedia of mathematical sciences 610 1 $aIntegrali 676 $a515.72$v18$9Calcolo operatorio 702 1$aNikol'skij,$bSergej Mihajlovic 702 1$aMaz'ja,$bVladimir Gilelevic 801 0$aIT$bICCU$c20080501$gRICA$2UNIMARC 912 $a000019395 951 $aM 515.72/5$bM 1093$cDSA$d2008 996 $aAnalysis 4$91201717 997 $aUNIPARTHENOPE LEADER 01667oam 2200529z 450 001 9910714848903321 005 20230818155521.0 010 $a0-585-05877-6 035 $a(CKB)111004365828982 035 $a(SSID)ssj0000199403 035 $a(PQKBManifestationID)12058522 035 $a(PQKBTitleCode)TC0000199403 035 $a(PQKBWorkID)10204495 035 $a(PQKB)10945054 035 $a(OCoLC)1164713184 035 $a(OCoLC)1286080136 035 $a(EXLCZ)99111004365828982 100 $a20160829h19921992 uy 0 101 0 $aeng 135 $aurmn||||||||| 181 $ctxt$2rdacontent 182 $cc$2rdamedia 183 $acr$2rdacarrier 200 10$aMauritania /$fSimonetta Calderini, Delia Cortese, James L.A. Webb, Jr 205 $a[Library of Congress public edition]. 210 31$aOxford :$cClio Press,$d1992 210 4$aŠ1992 215 $a1 online resource (xvii, 165 pages) $cillustrations 225 0 $aWorld bibliographical series Mauritania 300 $aBibliographic Level Mode of Issuance: Monograph 300 $aIncludes index. 311 0 $a1-85109-152-1 320 $aIncludes bibliographical reference. 410 0$aWorld bibliographical series;$v141 606 $aCitizenship$zMauritania 607 $aMauritania$xBibliography 615 0$aCitizenship 676 $a016.9661 700 $aCalderini$b Simonetta$0251790 702 $aCortese$b Delia 702 $aWebb$b James L. A.$cJr.,$f1952- 712 02$aLibrary of Congress.$bCongressional Research Service, 801 0$bPQKB 906 $aBOOK 912 $a9910714848903321 996 $aMauritania$9635680 997 $aUNINA